Normal view
MARC view
Entry Personal Name
001 - CONTROL NUMBER
- control field: 1139253
003 - CONTROL NUMBER IDENTIFIER
- control field: OSt
005 - DATE AND TIME OF LATEST TRANSACTION
- control field: 20260324111613.0
008 - FIXED-LENGTH DATA ELEMENTS
- fixed length control field: 260324|| aca||aabn | a|a d
040 ## - CATALOGING SOURCE
- Original cataloging agency: OSt
- Transcribing agency: OSt
100 ## - HEADING--PERSONAL NAME
- Personal name: Shashi Kant Dargar; Shilpi Birla; Abha Dargar; Avtar Singh; D. Ganeshaperumal
670 ## - SOURCE DATA FOUND
- Source citation: Work cat.: (OSt)1728132: Shashi Kant Dargar; Shilpi Birla; Abha Dargar; Avtar Singh; D. Ganeshaperumal, Sustainable Materials and Technologies in VLSI and Information Processing
